|
|
|
|
| LEADER |
00000nab#a22000007a#4500 |
| 001 |
arbauad001734 |
| 003 |
AR-BaUAD |
| 005 |
20250711110449.0 |
| 008 |
930727|||||||||###||||||b###|0###a|spa|| |
| 040 |
|
|
|a AR-BaUAD
|c AR-BaUAD
|b spa
|
| 100 |
|
|
|a Rebello, Stephen
|
| 245 |
|
|
|a Teen traitors /
|c Stephen Rebello;
|
| 300 |
0 |
|
|b p. 44, 48: fot.
|
| 653 |
|
|
|a CINE
|
| 653 |
|
|
|a SCHLESINGER, JOHN
|
| 653 |
|
|
|a DIRECTORES DE CINE
|
| 653 |
|
|
|a ESTADOS UNIDOS
|
| 653 |
|
|
|a CRITICAS
|
| 773 |
0 |
|
|t VOGUE
|g v. 175, no. 1 [ene. 1985]
|
| 942 |
|
|
|c ARTI
|
| 952 |
|
|
|0 0
|1 0
|4 0
|7 0
|9 46654
|a AR-BAuAD
|b AR-BAuAD
|d 2025-07-11
|l 0
|p AAQA001734
|r 2025-07-11 11:04:49
|w 2025-07-11
|y ARTI
|
| 990 |
|
|
|a C198
|b TD
|
| 998 |
|
|
|a AAQ
|b BIBUN76
|
| 999 |
|
|
|c 26327
|d 26327
|